UM Logo

Human resource management/ (Record no. 4907)

MARC details
000 -LEADER
fixed length control field 01097cam a22003014a 4500
001 - CONTROL NUMBER
control field 12842444
005 - DATE AND TIME OF LATEST TRANSACTION
control field 20160929113306.0
008 - FIXED-LENGTH DATA ELEMENTS--GENERAL INFORMATION
fixed length control field 020703s2005 maua b 001 0 eng
010 ## - LIBRARY OF CONGRESS CONTROL NUMBER
LC control number 2002109430
020 ## - INTERNATIONAL STANDARD BOOK NUMBER
International Standard Book Number 0618312773
035 ## - SYSTEM CONTROL NUMBER
System control number (DLC) 2002109430
040 ## - CATALOGING SOURCE
Original cataloging agency DLC
Transcribing agency DLC
Modifying agency DLC
042 ## - AUTHENTICATION CODE
Authentication code pcc
050 00 - LIBRARY OF CONGRESS CALL NUMBER
Classification number HF5549
Item number .D4364 2005
082 00 - DEWEY DECIMAL CLASSIFICATION NUMBER
Classification number DC 658.3
Edition number 2005
Item number D41h
100 1# - MAIN ENTRY--PERSONAL NAME
Personal name DeNisi, Angelo S.
245 10 - TITLE STATEMENT
Title Human resource management/
Statement of responsibility, etc. Angelo S. DeNisi and Ricky W. Griffin.
250 ## - EDITION STATEMENT
Edition statement 2nd edition
260 ## - PUBLICATION, DISTRIBUTION, ETC. (IMPRINT)
Place of publication, distribution, etc. Boston, MA:
Name of publisher, distributor, etc. Houghton Mifflin,
Date of publication, distribution, etc. c2005.
300 ## - PHYSICAL DESCRIPTION
Extent xxx, 626 pages:
Other physical details illustrations;
Dimensions 26 cm.
504 ## - BIBLIOGRAPHY, ETC. NOTE
Bibliography, etc Includes bibliographical references and index.
650 #0 - SUBJECT ADDED ENTRY--TOPICAL TERM
Topical term or geographic name as entry element Personnel management.
700 ## - ADDED ENTRY--PERSONAL NAME
Personal name Griffin, Ricky W.
9 (RLIN) 15463
Relator term Author
856 42 - ELECTRONIC LOCATION AND ACCESS
Materials specified Contributor biographical information
Uniform Resource Identifier <a href="http://www.loc.gov/catdir/enhancements/fy1513/2002109430-b.html">http://www.loc.gov/catdir/enhancements/fy1513/2002109430-b.html</a>
906 ## - LOCAL DATA ELEMENT F, LDF (RLIN)
a 7
b cbc
c orignew
d 2
e epcn
f 20
g y-gencatlg
942 ## - ADDED ENTRY ELEMENTS (KOHA)
Source of classification or shelving scheme Dewey Decimal Classification
Koha item type Circulation
Holdings
Withdrawn status Lost status Source of classification or shelving scheme Damaged status Not for loan Collection code Home library Current library Date acquired Source of acquisition Total Checkouts Full call number Barcode Date last seen Price effective from Koha item type
    Dewey Decimal Classification     Circulation UM Digos College - LIC UM Digos College - LIC 03/07/2007 Photocopied   DC 658.3 D41h 2005 18951 06/08/2021 09/29/2016 Circulation